| 000 | 00778cam a22002653a 4500 | ||
|---|---|---|---|
| 001 | 25919 | ||
| 003 | PGUSA | ||
| 005 | 20140828083546.0 | ||
| 008 | 080628s2008||||xxu|||||s|||||000 1 eng d | ||
| 040 |
_aPGUSA _beng |
||
| 042 | _adc | ||
| 050 | 4 | _aPR | |
| 100 | 1 |
_aBenson, E. F. _q(Edward Frederic), _d1867-1940 |
|
| 245 | 1 | 0 |
_aMiss Mapp _h[electronic resource] / _cE. F. Benson |
| 260 |
_bProject Gutenberg, _c2008 |
||
| 506 | _aPublic domain in the USA. | ||
| 516 | _aElectronic text | ||
| 653 | _aHumorous stories | ||
| 653 | _aWomen -- England -- Fiction | ||
| 653 | _aMapp, Miss (Fictitious character) -- Fiction | ||
| 653 | _aFemale friendship -- Fiction | ||
| 830 | 0 |
_aProject Gutenberg _v25919 |
|
| 856 | 4 | 0 | _uhttp://www.gutenberg.org/ebooks/25919 |
| 942 | _cEB | ||
| 999 |
_c255174 _d255174 |
||